000 00299nam a22001217a 4500
999 _c155332
_d155332
082 _a
_b
100 _aChummar Choondal
245 _aJanajeevithavum Kalakalum/
_cby Chummar Choondal.
260 _aKannur:
_bKerala Folklore Academy,
_c2013.
300 _a111p.
650 _aFolklore
942 _cBK